TAVUK SUYUNA ÇORBA ASLA PES ETME (Record no. 792059)

MARC details
000 -LEADER
sabit uzunluktaki kontrol alanı 00258nam a2200097Ia 4500
001 - KONTROL NUMARASI
kontrol alanı 792059
005 - EN SON İŞLEMİN TARİH VE ZAMANI
kontrol alanı 20250826170621.0
008 - SABİT-UZUNLUKTA VERİ ÖĞELERİ--GENEL BİLGİ
sabit uzunluktaki kontrol alanı 250824s9999 xx 000 0 und d
245 #0 - ESER / YAZAR
ESER ADI TAVUK SUYUNA ÇORBA ASLA PES ETME
Yazar Adı JACK CANFIELD
260 ## - YAYIN, DAĞITIM, VB.
YAYIN EVİ KORİDOR YAYINLARI
Holdings
Düşüm durumu Kayıp durumu Hasar Durumu Ödünç verilmez Ana kütüphane Geçerli Kütüphane Edinilen tarih Toplam ödünç verme sayısı Barkod İade tarihi Son görüntüleme tarihi Son ödünç verme tarihi Fiyatın geçerli olmaya başladığı tarih Koha materyal türü
        İSMAİL KAYA ANADOLU İMAM HATİP LİSESİ İSMAİL KAYA ANADOLU İMAM HATİP LİSESİ 24.08.2025 1 10501436 14.05.2026 29.04.2026 29.04.2026 26.08.2025 Books